Normal view
MARC view
- Āʻẓam Kurevī.
Entry Personal Name
001 - CONTROL NUMBER
- control field: 1297
003 - CONTROL NUMBER IDENTIFIER
- control field: NUST
005 - DATE AND TIME OF LATEST TRANSACTION
- control field: 20170523111720.0
008 - FIXED-LENGTH DATA ELEMENTS
- fixed length control field: 170523|| aca||aabn | a|a d
040 ## - CATALOGING SOURCE
- Original cataloging agency: NUST
- Transcribing agency: NUST
100 ## - HEADING--PERSONAL NAME
- Personal name: Āʻẓam Kurevī.
670 ## - SOURCE DATA FOUND
- Source citation: Work cat.: (NUST): Āʻẓam Kurevī., Dihati git /, 2009
